Normal view
MARC view
- الاوراق التجارية- فقه اسلامي- قوانين وتشريعات- المغرب
Entry Topical Term
001 - CONTROL NUMBER
- control field: 30587
003 - CONTROL NUMBER IDENTIFIER
- control field: JO-AjAnu
005 - DATE AND TIME OF LATEST TRANSACTION
- control field: 20230606075147.0
008 - FIXED-LENGTH DATA ELEMENTS
- fixed length control field: 230606|| aca||aabn | a|a d
040 ## - CATALOGING SOURCE
- Original cataloging agency: JO-AjAnu
- Transcribing agency: JO-AjAnu
150 ## - HEADING--TOPICAL TERM
- Topical term or geographic name entry element: الاوراق التجارية- فقه اسلامي- قوانين وتشريعات- المغرب
670 ## - SOURCE DATA FOUND
- Source citation: Work cat.: (JO-AjAnu)15710: البوطيبي، محمد بن بلعيد أمنو, author 30586, الأوراق التجارية المعاصرة : طبيعتها القانونية وتكييفها الفقهي